000 00847nam a2200253Ia 4500
003 OSt
005 20220928130352.0
006 a|||||r|||| 00| 0
007 ta
008 220927b |||||||| |||| 00| 0 eng d
020 _c995
024 _a126584
037 _b1078, 24/02/2015, BookWell
_cReports / Technical Reports
040 _aSDCL
_cSDCL
_beng
041 _2eng
_aeng
082 _aX:(G:55)r.1'P, Q5 RR
100 _aChakrabarti P.G. Dhar Ed.
_9473710
245 0 _aGlobal sustainable development report 2015
_bClimate change and sustainable development
260 _aUK
_bOxford University Press
_c2015
300 _axx;354p.
_ccm.
650 _aReference
942 _hX:(G:55)r.1'P, Q5 RR
_cREP
_2CC
999 _c786305
_d786305